First and Last - Canada - Statistics

General Stats
  • This quiz has been taken 7 times
  • The average score is 2 of 10
Answer Stats
Group Sub-Division Population Name of Settlement % Correct
Last Manitoba 764k Winnipeg
71%
Last Ontario 234k Windsor
43%
First British Columbia 158k Abbotsford
29%
First Ontario 129k Ajax
29%
First Ontario 149k Barrie
29%
First Alberta 67k Airdrie
14%
First Ontario 62k Aurora
14%
Last Ontario 56k Welland
14%
Last Ontario 137k Whitby
0%
Last Alberta 74k Wood Buffalo
0%
No matching quizzes found
Score Distribution
Percent of People with Each Score
Percentile by Number Answered
Your Score History
You have not taken this quiz